| 000 | 00721nam a2200229Ia 4500 | ||
|---|---|---|---|
| 003 | OSt | ||
| 005 | 20251118104404.0 | ||
| 008 | 210716s2008 xx 000 0 und d | ||
| 020 | _a9788173198953 | ||
| 040 | _cAIMIT LIBRARY | ||
| 041 | _aeng | ||
| 082 |
_a005.8 _21 _bBHAS |
||
| 100 |
_aBhaskar, S.M;Ahson, S.L. _9246115 |
||
| 245 |
_aInformation Security : _ba Practical Approach / _cBy S M Bhaskar and S I Ahson. |
||
| 250 | _a1st ed. | ||
| 260 |
_aNew Delhi : _bNarosa Publishing House , _c2008. |
||
| 300 |
_avi,276p. ; _bPB _c24.5 cm |
||
| 650 |
_aTelecommunication and network security _9246116 |
||
| 650 |
_aSecurity issues _9246117 |
||
| 650 |
_aEmerging trends _9246118 |
||
| 942 |
_2ddc _cBK _e1st _k005.8 BHAS |
||
| 999 |
_c188861 _d188861 |
||